| 000 | 00502nam a2200181Ia 4500 | ||
|---|---|---|---|
| 001 | 2477 | ||
| 005 | 20260306144810.0 | ||
| 008 | 260306t2013||||xx |||||||||||||| ||spa|| | ||
| 041 | _aESP | ||
| 082 |
_a616.891 _bF81H |
||
| 100 |
_aFrankl, Viktor E. _eAUT |
||
| 245 | 0 |
_aEl hombre en busca del sentido último: _bel análisis existencial y la conciencia espiritual del ser humano |
|
| 260 | _c2013 | ||
| 300 |
_a212 páginas : _c23 cm. |
||
| 650 | _aGEN | ||
| 654 | _aCPS | ||
| 942 |
_cLIB _dJUS _fJUS _2ddc _n |
||
| 999 |
_c2477 _d2477 |
||